000
00345nam a2200145Ia 4500
008
230718s9999 xx 000 0 und d
041
_a
Eng.
082
_a
300
_b
AFG-T
100
_a
Afghani , Masud
245
4
_a
The Oxfor Dictionery
260
_a
Pakistan
_b
Oxford University publisher
_c
2004
300
_a
1538
650
_a
Law
999
_c
29596
_d
29596